000 00359nam a2200133Ia 4500
005 20251222143314.0
008 251222s9999||||xx |||||||||||||| ||spa||
020 _a88-87567-00-X
082 _a298/M86
100 _aMargi, Andrea
245 0 _aLa libertá religiosa nei paesi a maggioranza islámica
264 _bAiuto alla chiesa che Soffore
942 _cLIB
999 _c15843
_d15843